Možnosti skúmania reakcií na zmeny v Spoločnej poľnohospodárskej politike EÚ
Popis hlavných možností použitia skupiny modelov, ktoré simulujú správanie poľnohospodárskych podnikov. Skúmanie efektov a reakcií na zmeny v Spoločnej poľnohospodárskej politike EÚ prostredníctvom matematického programovania. Charakteristika modelov matematického programovania. Hlavné skupiny model...
Na minha lista:
| Autor principal: | |
|---|---|
| Formato: | Capítulo de Livro |
| Idioma: | eslovaco |
| Assuntos: | |
| Tags: |
Sem tags, seja o primeiro a adicionar uma tag!
|
MARC
| LEADER | 00000nla$a2200000$$$4500 | ||
|---|---|---|---|
| 001 | 0074875 | ||
| 005 | 20240502083213.3 | ||
| 041 | 0 | |a slo | |
| 044 | |a CZ | ||
| 245 | 1 | 0 | |a Možnosti skúmania reakcií na zmeny v Spoločnej poľnohospodárskej politike EÚ |c Martina Obedová |
| 520 | |a Popis hlavných možností použitia skupiny modelov, ktoré simulujú správanie poľnohospodárskych podnikov. Skúmanie efektov a reakcií na zmeny v Spoločnej poľnohospodárskej politike EÚ prostredníctvom matematického programovania. Charakteristika modelov matematického programovania. Hlavné skupiny modelov analýzy poľnohospodárskej politiky. Ukazovatele reprezentujúce SPP. | ||
| 610 | 2 | 0 | |a politika poľnohospodárska |
| 610 | 2 | 0 | |a analýzy |
| 610 | 2 | 0 | |a regióny |
| 610 | 2 | 0 | |a Európska únia |
| 610 | 2 | 0 | |a programovanie matematické |
| 610 | 2 | 0 | |a modely |
| 610 | 2 | 0 | |a správanie hospodárske |
| 610 | 2 | 0 | |a prognózy |
| 100 | 1 | |a Obedová, Martina | |